| 000 | 00351pab a2200145 454500 | ||
|---|---|---|---|
| 008 | 180718b2011 xxu||||| |||| 00| 0 eng d | ||
| 100 | _aNewman, Edward | ||
| 245 | _aA human security peace-building agenda | ||
| 260 | _c2011 | ||
| 300 | _ap.1737-1756. | ||
| 650 | _aPeace keeping | ||
| 773 | _aThird World Quarterly | ||
| 908 | _aN | ||
| 909 | _a93801 | ||
| 999 |
_c93801 _d93801 |
||